| 000 | 00924nam0a22002771 4500 | ||
|---|---|---|---|
| 001 | RU\NLR\INFOCOMM_195\5000056197 | ||
| 005 | 20250613093752.0 | ||
| 035 | _a(NLR Aleph) 009220658 | ||
| 090 |
_a8805075 _c8805075 |
||
| 100 | _a20100531d1987 |||y0rusy50 ca | ||
| 101 | 0 | _aspa | |
| 102 | _aRU | ||
| 105 | _ay ||||000|y | ||
| 200 | 1 |
_aCooperación en la materia de invenciones en el marco del CAME _fCom. estatal de la URSS para invenciones y descubrimientos _g[Aut.: V. I. Iliin] |
|
| 210 |
_aΜ. _cVNIIPI _d1987 |
||
| 215 |
_a14 с. _d22 см |
||
| 300 | _aАвт.-сост. указан на обороте тит. л. | ||
| 686 |
_aЖу(2)ж _2rubbk |
||
| 702 | 1 |
_9z01790 _aIl'in _bV. I. _4000 |
|
| 712 | 0 | 1 |
_aURSS _bComité para invenciones y descubrimientos _4570 |
| 790 | 1 |
_9z01702 _aIliin _bV. I. _4000 |
|
| 801 | 1 |
_aRU _bNLR _c20100531 |
|
| 801 | 0 |
_aRU _bNLR _gPSBO |
|
| 852 |
_aNLR _jТ11 Д-6/20 |
||
| 942 | _cBOOK | ||
| 980 | _aNB | ||